LEADER 01273nam0 22002771i 450 001 VAN00053566 005 20240806100504.43 010 $a88-7567-355-1 100 $a20060927d1998 |0itac50 ba 101 $aita 102 $aIT 105 $a|||| ||||| 200 1 $aAtti del 5. Colloquio dell'Associazione Italiana per lo studio e la conservazione del mosaico$eRoma, 3-6 novembre 1997$fAISCOM$gcon il patrocinio del Ministero per i Beni e le Attivita Culturali$ga cura di Federico Guidobaldi e Andrea Paribeni 210 $aRavenna$cGirasole$dc1998 215 $aXI, 685 p.$cill.$d24 cm 620 $dRavenna$3VANL000087 702 1$aGuidobaldi$bFederico$3VANV035553 702 1$aParibeni$bAndrea$3VANV035554 710 02$aAISCOM$3VANV035552$0427197 712 $aIl girasole $3VANV108527$4650 801 $aIT$bSOL$c20240906$gRICA 899 $aBIBLIOTECA DEL DIPARTIMENTO DI LETTERE E BENI CULTURALI$1IT-CE0103$2VAN07 912 $aVAN00053566 950 $aBIBLIOTECA DEL DIPARTIMENTO DI LETTERE E BENI CULTURALI$d07CONS D Ravenna 1997 $e07DP 1135 20060927 996 $aAtti del 5. Colloquio dell'Associazione Italiana per lo studio e la conservazione del mosaico$91427048 997 $aUNICAMPANIA LEADER 01722nam0 22003853i 450 001 VAN00239223 005 20241204101246.509 017 70$2N$a9783030336523 100 $a20220204d2020 |0itac50 ba 101 $aeng 102 $aCH 105 $a|||| ||||| 181 $ai$b e 182 $ab 200 1 $aIsotopes and the Natural Environment$fPaul Alexandre 210 $aCham$cSpringer$d2020 215 $aX, 97 p.$cill.$d24 cm 410 1$1001VAN00237483$12001 $aSpringer Textbooks in Earth Sciences, Geography and Environment$1210 $aBerlin, Cham$cSpringer$d2017- 620 $aCH$dCham$3VANL001889 676 $a551.9$cGeochimica$v22 676 $a632.1$cDanni causati da fattori ambientali. Cambiamenti climatici$v22 676 $a550$cScienze della terra e geologia - Geofisica$v22 676 $a577.14$cChimica ambientale$v22 676 $a577$cEcologia$v22 676 $a628$cIngegneria ambientale. Sostenibilità dell'ambiente$v22 700 1$aAlexandre$bPaul$3VANV196138$0706627 712 $aSpringer $3VANV108073$4650 801 $aIT$bSOL$c20241206$gRICA 856 4 $uhttps://link.springer.com/book/10.1007/978-3-030-33652-3$zE-book - Accesso al full-text attraverso riconoscimento IP di Ateneo, proxy e/o Shibboleth 899 $aBIBLIOTECA DEL DIPARTIMENTO DI SCIENZE E TECNOLOGIE AMBIENTALI BIOLOGICHE E FARMACEUTICHE$1IT-CE0101$2VAN17 912 $fN 912 $aVAN00239223 950 $aBIBLIOTECA DEL DIPARTIMENTO DI SCIENZE E TECNOLOGIE AMBIENTALI BIOLOGICHE E FARMACEUTICHE$d17CONS e-book 2223 $e17BIB2223/344 344 20220204 996 $aIsotopes and the Natural Environment$92093329 997 $aUNICAMPANIA